Sports Quiz

Random Sports or Tennis Quiz

Women's Wimbledon Semifinalists 2010s Quiz Stats

 Plays Quiz not verified by Sporcle

Support Sporcle.
Go Orange.
Score 0/40 Timer 10:00
0 Plays Today
% Correct
Serena Williams
100%
Serena Williams
100%
Serena Williams
100%
Serena Williams
100%
Venus Williams
100%
Venus Williams
100%
Serena Williams
100%
Serena Williams
100%
Marion Bartoli
97.4%
Garbine Muguruza
97.4%
Garbine Muguruza
97.4%
Petra Kvitova
96.6%
Petra Kvitova
96.6%
Maria Sharapova
96.6%
Angelique Kerber
96.6%
Petra Kvitova
96.6%
Maria Sharapova
96.6%
Angelique Kerber
96.6%
Angelique Kerber
96.6%
Simona Halep
95.7%
% Correct
Simona Halep
95.7%
Agnieska Radwanska
92.2%
Agnieska Radwanska
92.2%
Agnieska Radwanska
92.2%
Sabine Lisicki
89.7%
Sabine Lisicki
89.7%
Eugenie Bouchard
88.8%
Vera Zvonareva
86.2%
Johanna Konta
81%
Victoria Azarenka
70.7%
Victoria Azarenka
70.7%
Magdalena Rybarikova
65.5%
Julia Gorges
63.8%
Elina Svitolina
63.8%
Jelena Ostapenko
61.2%
Barbora Strycova
61.2%
Kirsten Flipkens
56.9%
Tsvetana Pironkova
55.2%
Lucie Safarova
55.2%
Elena Vesnina
54.3%

You're not logged in!

Compare scores with friends on all Sporcle quizzes.
OR
Log In

From the Vault

Giant Word Ladder VII

by sproutcm

Hopefully you get more right than rung.
Remove Ads.
Support Sporcle.
Get the best of Sporcle when you Go Orange. This ad-free experience offers more features, more stats, and more fun while also helping to support Sporcle. Thank you for becoming a member.

Show Comments

Extras

Top Quizzes Today


Score Distribution

Your Account Isn't Verified!

In order to create a playlist on Sporcle, you need to verify the email address you used during registration. Go to your Sporcle Settings to finish the process.

Report this User

Report this user for behavior that violates our Community Guidelines.

Details: